Active tourism around Lake Balaton How the active tourism and the seasonality affect Lake Balaton

Bibliographic Details
Main Author: Németh Dorottya Natália
Other Authors: Kovács dr. Miklós
Format: Thesis
Kulcsszavak:Active tourism
lake balaton
Seasonality
Online Access:http://dolgozattar.uni-bge.hu/8520

MARC

LEADER 00000nta a2200000 i 4500
001 dolg8520
005 20170316141809.0
008 161208suuuu hu om 000 eng d
040 |a BGE Dolgozattár Repozitórium  |b hun 
041 |a en 
100 1 |a Németh Dorottya Natália 
245 1 0 |a Active tourism around Lake Balaton How the active tourism and the seasonality affect Lake Balaton  |c Németh Dorottya Natália  |h [elektronikus dokumentum] 
695 |a Active tourism 
695 |a lake balaton 
695 |a Seasonality 
700 1 |a Kovács dr. Miklós  |e ths 
856 4 0 |u http://dolgozattar.uni-bge.hu/8520/1/N%C3%A9meth%20Dorottya%20Nat%C3%A1lia.pdf  |z Dokumentum-elérés